Minecraft Spielmodi - Statistiken

Allgemein
  • Dieses Quiz wurde 253 mal gespielt
  • Das Durchschnittsergebnis liegt bei 4 aus 5
Antwortstatistiken
Spielmodi % Korrekt
Kreativmodus
94%
Überlebensmodus
90%
Hardcoremodus
63%
Abenteuermodus
56%
Zuschauermodus
48%
Keine übereinstimmenden Quizze gefunden
Verteilung der Resultate
Anzahl Personen mit jedem Resultat
Perzentil nach korrekt beantworteten Fragen
Ihre Resultats-Entwicklung
Sie haben dieses Quiz noch nicht gespielt